00793nam a2200217 450000100060000000300080000600500170001400800370003102000150006803500190008304000230010204100080012508200230013310000430015624501100019926000530030930000280036249000710039060000430046183000710050418637BD-RjUL20211209000319.0140222t1949onc b 001 0 eng  a0802050042 a(BD-RjUL)18695 aDLCcDLCdDLCbeng aeng00a016.8217bMAK 19491 aMacGillivray, J. R.q(James Robertson)00aKeats :ba bibliography and reference guide with an essay on Keats' reputation /cby J. R. MacGillivray. aToronto :bUniversity of Toronto Press ;c c1949 alxxxi, 210 p. :c24 cm.1 aUniversity of Toronto. Dept. of English. Studies and texts,vno. 310aKeats, John,d1795-1821xBibliography. aUniversity of Toronto. Dept. of English. Studies and texts,vno. 3